| 000 | 00358nam a2200145Ia 4500 | ||
|---|---|---|---|
| 008 | 230312s9999||||xx |||||||||||||| ||und|| | ||
| 020 | _a81-317-9474-6 | ||
| 082 |
_a621.382 _bMAN-D |
||
| 100 | _aMano;M,Morris | ||
| 245 | 0 | _aDigital Design | |
| 260 |
_bPearson _aIndia _c2014 |
||
| 300 | _a678 | ||
| 650 |
_aEngineering _vElectrical Engineering |
||
| 942 | _cBK | ||
| 999 |
_c10605 _d10605 |
||